000
00337 a2200133 4500
000
nam a22 7a 4500
100
_a
Reddy, S.M.
110
_a
Reddy, S.M.
245
_a
Perspectives in Biotechnology
250
_a
Latest edition
260
_b
Scientific Publishers
_c
2025
264
_b
Scientific Publishers
_c
2025
942
_c
BK
999
_c
395198
_d
395198